Interaction; T2: Listening/ speaking

Gespeichert in:
Bibliographische Detailangaben
1. Verfasser: Judith Tanka
Format: Buch
Sprache:Undetermined
Veröffentlicht: New York McGraw-Hill
Schlagworte:
Tags: Tag hinzufügen
Keine Tags, Fügen Sie den ersten Tag hinzu!
Thư viện lưu trữ: Trung tâm Học liệu Trường Đại học Cần Thơ
LEADER 00506nam a2200181Ia 4500
001 CTU_57229
008 210402s9999 xx 000 0 und d
082 |a 428.24 
082 |b I.61/T2 
100 |a Judith Tanka 
245 0 |a Interaction; T2: Listening/ speaking 
245 0 |c Judith Tanka and Lida R. Baker 
260 |a New York 
260 |b McGraw-Hill 
650 |a english language 
650 |x spoken english 
904 |i Minh, 960807 
980 |a Trung tâm Học liệu Trường Đại học Cần Thơ